Регионална библиотека "Любен Каравелов" - Русе

Самостоятелни работи по български език и литература за 3 клас (Запис номер 325798)

MARC детайли
000 -Лидер
Контролно поле с фиксирана дължина 01259aaa a2200301 a 4500
003 - Код на организацията, давaща контролен номер
Контролно поле BLK
005 - Дата и час на последна редакция
Контролно поле 20231125151109.0
008 - Елементи от данни с фиксирана дължина
fixed length control field 180914b bul||||| |||| 00| 0 bul d
020 ## - Международен стандартен номер на книга ISBN
Международен стандартен номер на книга ISBN 9789540137285
040 ## - Източник на каталожния запис
Идентификатор на билиотеката - собственик на записа BLK
041 ## - Код за език
Код за езика на текст/звукозапис или на отделно заглавие Български
Код за езика КДБФ Български
080 ## - УДК
Текстов определител УДК Езиково и говорно възпитание. Начални основи на граматика и правопис.
УДК код - определител по УДК 372.46
УДК определител (076)(075.2)
УДК - код + определител 372.46(076)(075.2)
100 ## - Редна дума - Автор
Автор Танкова, Румяна Димитрова
Авторска отговорност първи автор
R(LIN) 1299
139 ## - Редно поле
Редна дума Танкова, Румяна Димитрова
Авторски знак Танк - Т 30
245 ## - Сведения за заглавието
Заглавие Самостоятелни работи по български език и литература за 3 клас
Редно поле (дума) Румяна Танкова
260 ## - Област на издателските данни
Година на издаване 2018
9 (RLIN) 209435
Място на издаване, разпространение и проч. София
Име на издателя, разпространителя и проч. Просвета
Печатница Алианс принт
Дата на отпечатване 2018
300 ## - Физическа характеристика
Страници 72 с.
Илюстрации и др. с ил., табл.
Размери/Мащаб 29 см
380 ## - Жанр
Жанр Обществени науки
700 ## - Други автори (авторска отговорност)
9 (RLIN) 1311
Лично име Пещерска, Ели
Автороска отговорност (Описва отношението между автора и произведението) ред.
700 ## - Други автори (авторска отговорност)
9 (RLIN) 390420
Лично име Койнарев, Васил
Автороска отговорност (Описва отношението между автора и произведението) кор.
852 ## - Местоположение
Форматна сигнатура Цб ІІ 23233
999 ## - СИСТЕМНИ КОНТРОЛНИ НОМЕРА
Koha biblionumber 325798
Koha biblioitemnumber 325798
942 ## - АРТИКУЛИ
Вид на библиотечния материал Книги
Източник на класификационната схема Universal Decimal Classification
Скрит в OPAC Не
Koha issues (borrowed), all copies 6
944 ## - СЪЗДАВАНЕ И РЕДАКЦИЯ на ЗАПИСА
Създаване/Редакция Редакция
Дата на регистрацията/редакция 2018-12-19
Служител, извършил регистрацията/редакцията 30535
Статус, дата на статуса Христина Везирева
999 ## - СИСТЕМНИ КОНТРОЛНИ НОМЕРА
Koha biblioitemnumber 325798
999 ## - СИСТЕМНИ КОНТРОЛНИ НОМЕРА
Koha biblioitemnumber 325798
999 ## - СИСТЕМНИ КОНТРОЛНИ НОМЕРА
Koha biblioitemnumber 325798
999 ## - СИСТЕМНИ КОНТРОЛНИ НОМЕРА
Koha biblioitemnumber 324394
Наличности
Код за отписване Код за изгубен артикул Източник на класификационната схема Код за повреда Код за отдаване Артикулен № Име на библиотеката - собственик Име на библиотеката, в която се намира в момента Статус (Текущо местоположение) Дата на вписване в системата Местоположение - отдел Цена в лева Инвентарен номер Систематично азбучна сигнатура Баркод Цена в евро Служебен тип на артикула Коз за рестрикции
  Не е изгубен Universal Decimal Classification Не е повреден заемане за дома 681748 Регионална библиотека "Любен Каравелов" Русе Регионална библиотека "Любен Каравелов" Русе Детски отдел 2018-10-31 Детски отдел 4.73 120000825453 ДН 373.3.016:81'36/Т 30 Р 120000825453 2.42 Книги  
  Не е изгубен Universal Decimal Classification Не е повреден заемане за дома 681749 Регионална библиотека "Любен Каравелов" Русе Регионална библиотека "Любен Каравелов" Русе Детски отдел 2018-10-31 Детски отдел 4.73 120000825454 ДН 373.3.016:81'36/Т 30 Р 120000825454 2.42 Книги  
  Не е изгубен Universal Decimal Classification Не е повреден ползва се в читалня 687536 Регионална библиотека "Любен Каравелов" Русе Регионална библиотека "Любен Каравелов" Русе Хранилище 2018-12-20 Хранилище 5.90   Цб ІІ 23233 120000828001 3.02 Книги без рестрикции
Vip Innovations Ltd, Rousse, Bulgaria 2025